Historia y geografía dominicana : (Registro nro. 13178)

Detalles MARC
000 -LIDER
fixed length control field 01106nam a22003017a 4500
001 - NÚMERO DE CONTROL
Identificador de número de control 0000385
003 - IDENTIFICACDOR DE NÚMERO DE CONTROL
control field DO-SdBPM
005 - DATE AND TIME OF LATEST TRANSACTION
control field 20250514093421.0
007 - CAMPOS FIJOS DE DESCRIPCIÓN FÍSICA
fixed length control field 0000385
008 - ELEMENTOS DE LONGITUD FIJA
fixed length control field 150817s20uu dr ac spa d
020 ## - ISBN
International Standard Book Number 9945400371
040 ## - FUENTE DE CATALOGACIÓN
Agencia que crea de manera original el registro DO-SdBPM
Idioma de catalogación spa
Agencia que realiza la transcripción BPMSU
082 #4 - NÚMERO DE CLASIFICACIÓN DECIMAL DE DEWEY
Classification number 372.83
Item number H557h
Edition number 22
100 1# - ASIENTO PRINCIPAL -- NOMBRE PERSONAL
Nombre personal Hernández, Ricardo
245 10 - MENCIÓN DE TITULO
Título Historia y geografía dominicana :
Subtítulo primer grado, segundo ciclo del nivel medio /
Mención de responsabilidad Ricardo Hernández, Alejandro Hernández ; ilustración Ramón Sandoval
260 ## - PUBLICACIÓN, DISTRIBUCIÓN, ETC. (PIE DE IMPRENTA)
Lugar de publicación, distribución, etc Santo Domingo :
Nombre del editor, distribuidor, etc. Ministerio de Educación;
-- Actualidad 2000,
Fecha de publicación, distribución, etc [200-?].
300 ## - DESCRIPCIÓN FÍSICA
Extensión 208 p :
Otros detalles físicos il. retrs. ;
Dimensiones 28 cm.
500 ## - NOTA GENERAL
Nota general Prohibida su venta. Propiedad del Ministerio de Educación.
504 ## - NOTA DE BIBLIOGRAFÍA, ETC.
Bibliography, etc Biografía p: 208
590 ## - NOTA LOCAL
Texto de la nota local Inventariado, 2025/VM
650 #4 - ENCABEZAMIENTO DE MATERIA--TEMÁTICO
Término temático o nombre geográfico como elemento de entrada Educación secundaria
Subdivisión geográfica República Dominicana
651 #4 - ENCABEZAMIENTO DE MATERIA--NOMBRE GEOGRÁFICO
Nombre geográfico República Dominicana
Subdivisión temática general Geografía.
651 #4 - ENCABEZAMIENTO DE MATERIA--NOMBRE GEOGRÁFICO
Nombre geográfico República Dominicana
Subdivisión temática general Historia
700 1# - ASIENTO SECUNDARIO -- NOMBRE PERSONAL
Nombre personal Hernández Grullón, Alejandro
700 1# - ASIENTO SECUNDARIO -- NOMBRE PERSONAL
Nombre personal Sandoval, Ramón
Mención de responsabilidad il.
910 ## - VALIDACIÓN
Validación VMateo V. Control de calidad BPMSU
942 ## - ADDED ENTRY ELEMENTS (KOHA)
Source of classification or shelving scheme Dewey Decimal Classification
Koha item type Libros
Existencias
Withdrawn status Lost status Source of classification or shelving scheme Damaged status Not for loan Collection code Home library Current library Date acquired Source of acquisition Total Checkouts Full call number Barcode Date last seen Price effective from Koha item type
    Dewey Decimal Classification     Colección Escolar Biblioteca Pública Metropolitana Salomé Ureña Biblioteca Pública Metropolitana Salomé Ureña 11/28/2017   BPMSU CDE 372.83 H557h BPMSU17110506 11/28/2017 11/28/2017 Libros